He venido para que tengan vida" : "y la tengan en abundancia" / [por] Pontificio Consejo para los Laicos
Gorde:
| Egile korporatiboa: | , |
|---|---|
| Formatua: | Konferentzia-aktak Liburua |
| Saila: | Servicio de Documentación ; 27
|
| Gaiak: | |
| Etiketak: |
Etiketarik gabe, Izan zaitez lehena erregistro honi etiketa jartzen!
|
MARC
| LEADER | 00000nam^a2200000^u^4500 | ||
|---|---|---|---|
| 001 | 000543163 | ||
| 005 | 20250521000000.0 | ||
| 008 | 060220s1000^^^^^^^^^^^^r^^^^^000^0^spa^d | ||
| 009 | 20260310131301.419 | ||
| 035 | |a FMI 000012014 | ||
| 037 | |a Acervo Xavier Clavigero | ||
| 096 | |a 5.4.3/627/C | ||
| 110 | |a Pontificio Consejo para los Laicos (PCL) | ||
| 245 | 1 | 0 | |a He venido para que tengan vida" : "y la tengan en abundancia" / [por] Pontificio Consejo para los Laicos |
| 264 | |a Ciudad del Vaticano : Pontificio Consejo para los Laicos, 1994 | ||
| 300 | |a 251 p. | ||
| 336 | |a texto |b txt |2 rdacontenido | ||
| 337 | |a sin mediación |b n |2 rdamedio | ||
| 338 | |a volumen |b nc |2 rdasoporte | ||
| 440 | 0 | |a Servicio de Documentación ; 27 | |
| 649 | |a XX | ||
| 650 | |a LAICADO | ||
| 711 | |a Forum Internacional y Encuentro Mundial de los Jóvenes con el Papa : (Denver : agosto 1993) | ||
| 910 | |a Fondo Francisco Migoya Covarrubias S.J. | ||
| 920 | |a Impresos - Libros | ||
| 930 | |a Fondos Especiales | ||
| 905 | |a 134 | ||
| 901 | |a SBC18016 |b IT2 |c ESP |u 20250521 | ||
| 902 | |a https://opac.biblio.iteso.mx/vufind/Record/000543163 | ||